01326agaaa2200277 45000010005000000030009000050050017000140070009000310080040000400400023000800410013001031000060001161300043001762450141002192500022003602600127003823000022005095380016005315460013005476500076005607000072006367000070007089420012007789990019007909520239008097350IT-RoPAU20220918181259.0d cvaizq50131s9999||||xx ||| | || ||und|| aIT-RoPAUcIT-RoPAU aITALIANO aBortolini FrancescogCodice regista SPICS: 17201952407 aHITCHCOCK: IL BRIVIDO DEL GENIO952408 aHITCHCOCK: IL BRIVIDO DEL GENIOcDiretto da: Bortolini FrancescopHITCHCOCK: IL BRIVIDO DEL GENIO (Rif. Codice opera principale : 37350) aEdizione Standard aROMA (STATI UNITI)bRAI - RADIO TELEVISIONE ITALIANA / Distribuzione: RAIg"1985 (1° ed.: 1985 ; Ed. Lingua Orig.: 1985)" aVHSbsonoro, col. aPAL, STEREO aITALIANO aDOCUMENTARIOeSTUDI SUL CINEMA [VHS]xCodice MATERIA SPICS: 9959936889 aBortolini Francesco e(regista)gCodice regista SPICS: 17201952409 aMasenza Claudio e(soggetto)gCodice Soggetto SPICS: 17202952410 cVH2ddc c107516d107516 001040637350_00000000000000071aSPICSbSPICSd2015-01-31l0o37350r2015-01-31 00:00:00w2015-01-31yVHzProgr. Ins.: 1961 / N.Vol.:1 / Copie: 1 / Pag.: / Copia rara: n.d. / date import: 1.2.2015 / By Epidotti, Trombetti, Vaglietti